000 00658nam a2200217Ia 4500
003 OSt
005 20250519122201.0
008 210210b1981 xxu||||| |||| 00| 0 eng d
040 _cAL
041 _aKannada
082 _aK894.308 NIRV
100 _aNIRANJANA, Ed.
_dನಿರಂಜನ
_9210341
245 _aVishva katha kosha.S25-Savilladavaru.
_bವಿಶ್ವ ಕಥಾ ಕೋಶ ಸಂ ೨೫- ಸಾವಿಲ್ಲದವರು
260 _aBangaluru
_bNavakarnataka Publikeshans
_c1981
300 _axvi,212
440 _a23
_9210342
650 _aKategalu
_9210343
690 _aKannada Fiction
_9210344
906 _a035191
942 _2ddc
_cBK
999 _c85848
_d85848